000 00766cam a22002413a 4500
001 11592
003 PGUSA
005 20140828083238.0
008 040301s2004||||xxu|||||s|||||000 | eng d
040 _aPGUSA
_beng
042 _adc
050 4 _aPZ
245 1 0 _aChildren's Hour with Red Riding Hood and other stories
_h[electronic resource]
260 _bProject Gutenberg,
_c2004
505 0 _aLittle Red Riding Hood -- The Goose-girl -- Babes in the wood -- The sleeping beauty -- Snowdrop and seven little dwarfs.
506 _aPublic domain in the USA.
516 _aElectronic text
653 _aFairy tales
700 1 _aPiper, Watty, pseud.
830 0 _aProject Gutenberg
_v11592
856 4 0 _uhttp://www.gutenberg.org/ebooks/11592
942 _cEB
999 _c240847
_d240847